Rivers of Europe - True or False? - Statistics

General Stats
  • This quiz has been taken 442 times
  • The average score is 7 of 10
Answer Stats
Question Answer % Correct
Norway's Fjords are considered rivers. False
88%
The Seine is the longest river in France. False
83%
Tiber, Thames and Tajo are rivers that flow through European capital cities. True
79%
The Danube is the only river that flows through four capital cities. True
79%
All of Hungary's rivers lead into the Black Sea. True
75%
Cologne is the biggest city on the Rhine. True
71%
Switzerland is the only country in Europe that has tributaries leading to the North Sea, the Mediterranean and the Black Sea. True
58%
All of Ukraine's rivers lead into the Black Sea. False
54%
Germany's eastern border with Poland are the rivers Oder and Elbe. False
46%
Parts of the Borders of Switzerland, Liechtenstein, Germany, France and Luxembourg follow the Rhine. False
38%
No matching quizzes found
Score Distribution
Percent of People with Each Score
Percentile by Number Answered
Your Score History
You have not taken this quiz